000 00434nam a2200181Ia 4500
008 230711s9999||||xx |||||||||||||| ||und||
020 _a81-219-0281-9
041 _aENG
082 _a658
_bGU-O
100 _aGupta,Prem Kumar
245 0 _aOpeartions research
250 _a6th Ed.
260 _c2012
_aNew Delhi
_bS.Chand Publishing
300 _a1418
650 _aUNIVESITY BUSNIESS SCHOOL
700 _aHira,D.S
942 _cBK
999 _c5186
_d5186